000 00342nam a2200109Ia 4500
008 171204s9999 xx 000 0 und d
245 _aNever a Dull Moment: A Libertarian Look at the Sixties:
245 _cJustin Raimondo and Murray N. Rothbard
260 _c2016
650 _xHistory
856 _uhttp://down.ebook777.com/063/1610166493.pdf
999 _c345533
_d345533